02127cam a2200325 i 4500001001900000003000600019005001700025007000300042008004100045020001800086035006000104035002400164040006300188041000800251050002600259100003100285245003800316260003800354300002300392520104300415650003601458650003901494650004301533650002901576650002801605650005201633942000801685952009301693999001501786991027329715207026UkOxU20251013164527.0ta241119t20252025enk e 000 1 eng d a9781784745769 a(OCoLC)1473700891z(OCoLC)1435478645z(OCoLC)1435479725 a(OCoLC)on1473700891 aAU@bengerdacAU@dAUNTLdOCLCOdAUPTLdYDXdATMORdUkOxU aeng aPS3570.Y45bT497 2025 aTyler, Anneeauthor92614410aThree days in Junec/ Anne Tyler. aLondon :bChatto & Windus,c2025. a164 pages ;c21 cm aIt's the day before her daughter's wedding and things are not going well for Gail Baines. First thing, she loses her job – or quits, depending who you ask. Then her ex-husband Max turns up at her door expecting to stay for the festivities. He doesn't even have a suit. Instead, he's brought memories, a shared sense of humour – and a cat looking for a new home. Just as Gail is wondering what's next, their daughter Debbie discovers her groom has been keeping a secret... As the big day dawns, the exes just can't agree on what's best for Debbie. Gail is seriously worried, while Max seems more concerned with whether to opt for the salmon or prime rib at the reception, if they make it that far. The day after the wedding, Gail and Max prepare to go their separate ways again. But all the questions about the future of the happy couple have stirred up the past for Gail. Because 'happy' takes many forms, and sometimes the younger generation has much to teach the older about secrets, acceptance and taking the rough with the smooth. 0aDivorced peoplevFiction924310 0aLife change eventsvFiction924020 0aParent and adult childvFiction924313 0aWeddingsvFiction926145 0aSecrecyvFiction925722 0aSelf-actualization (Psychology)vFiction926146 2lcc 00102lcc4070aTBSbTBSd2025-10-13l0oP-EN TYLpB07684r2025-10-13t1w2025-10-13y1 c5042d5042